书目信息 |
| 题名: |
中外流行歌曲999首
|
|
| 作者: | 王密 主编 | |
| 分册: | B卷 | |
| 出版信息: | 长春 吉林人民出版社 1996.04 |
|
| 页数: | 592页 | |
| 开本: | 21cm | |
| 丛书名: | ||
| 单 册: | ||
| 中图分类: | J651 | |
| 科图分类: | ||
| 主题词: | 音乐--作品综合集--世界 | |
| 电子资源: | ||
| ISBN: | 7-206-02333-9 | |
| 000 | 00564nam0 2200193 45 | |
| 001 | 0505100870 | |
| 005 | 20050510100623.4 | |
| 010 | @a7-206-02333-9@dCNY23.00 | |
| 100 | @a20050510d1996 km y0chiy0120 ea | |
| 101 | 0 | @achi |
| 105 | @a z 000yy | |
| 200 | 1 | @a中外流行歌曲999首@AZhong Wai Liu Xing Ge Qu 999 Shou@hB卷@f王密主编@FWang Mi Zhu Bian |
| 210 | @a长春@c吉林人民出版社@d1996.04 | |
| 215 | @a592页@d21cm | |
| 606 | 0 | @a音乐@x作品综合集@x世界 |
| 690 | @aJ651@v3 | |
| 701 | 0 | @a王密@4主编 |
| 801 | @aCN@bPftUser@c20050510 | |
| 905 | @f1@b275217@dJ651@e220:2 | |
| 中外流行歌曲999首.B卷/王密主编.-长春:吉林人民出版社,1996.04 |
| 592页;21cm |
| ISBN 7-206-02333-9:CNY23.00 |
| ● |
| 相关链接 |
|
|
|
|
正题名:中外流行歌曲999首
索取号:J651/220:2
 
预约/预借
| 序号 | 登录号 | 条形码 | 馆藏地/架位号 | 状态 | 备注 |
| 1 | 0275217 | 002038146 | 第一样本阅览室/ [索取号:J651/220:2] | 在馆 |